000 007460000a22002890004500
003 LK-CoMWRAF
008 230817t ||||| |||| 00| 0 eng d
020 _a1842126083
040 _aLK-CoMWRAF
_dLK-CoMWRAF
_eLK-CoMWRAF
041 _aeng
082 _a156
_bARM
100 _aArmstrong, Karen
245 _aMuhammad
_bA Biography of the Prophet
260 _bPhoenix Press
_aLondon
_c1991
300 _ap.290
650 _aDeath of the Prophet?
650 _aFahiliyah
650 _aHijra: A New Direction
650 _aHoly Peace
650 _aHoly War
650 _aMuhammad the Enemy
650 _aMuhammad the Man of al-Llah
650 _aRevelation
650 _aThe Satanic Verses
650 _aThe Warner
942 _cBK
999 _c1964
_d1964